000 00531nam a22002057a 4500
005 20251108175140.0
008 250721s1997 xx 000 0 eng d
082 1 4 _a512/BRO
100 1 _aBROWN, RICHARD G .
245 1 0 _aAlgebra structure and method book 1 /
264 1 _aBOSTON :
_bMCDOUGAL LITTELL,
_c1997.
300 _a736P.
650 1 7 _aALGEBRA
650 1 7 _aMATHEMATICS
700 1 _aDOLCIANI, MARY P .
700 1 _aSORGENFREY, ROBERT H
700 1 _aCOLE, WILLIAM L .
942 _2ddc
_cBK
999 _c127310
_d127310